00000000nam##2200000za#4500
0019.647827
003CaOODSP
00520210615112808
007ta
008150407|2000||||xxc|||||     f|0| 0 eng|d
020 |a0-662-29239-1
040 |aCaOODSP|beng
043 |an-cn---
0861 |aNS1-2/2000E
1102 |aNatural Sciences and Engineering Research Council of Canada.
24510|aNSERC researcher's guide, 2000
260 |aOttawa - Ontario : |bNatural Sciences and Engineering Research Council |c2000.
300 |avii, 88p. ; |c28 cm.
563 |aSoftcover
590 |a01-16|b2001-04-20
69007|aNatural sciences|2gcpds
69007|aEngineering|2gcpds
69007|aAwards|2gcpds
69007|aResearch grants|2gcpds
77508|tCRSNG Guide du chercheur, 2000 |w(CaOODSP)9.681207